[Event "Bundesliga 9798"]
[Site "Deutschland"]
[Date "1998.??.??"]
[Round "?.8"]
[White "Ahner, Andreas"]
[Black "Borriss, Martin"]
[Result "1/2-1/2"]
[WhiteElo "2250"]
[BlackElo "2430"]
[PlyCount "181"]
[EventDate "1997.10.??"]
[EventType "team"]
[EventRounds "15"]
[EventCountry "GER"]
[SourceTitle "Bundesliga 9798"]
[Source "DeepChess"]
[SourceDate "2005.01.01"]
[SourceVersion "1"]
[SourceVersionDate "2005.01.01"]
[SourceQuality "1"]
[WhiteTeam "USG Chemnitz"]
[BlackTeam "Dresdner SC 1898"]
[WhiteTeamCountry "GER"]
[BlackTeamCountry "GER"]

1. d4 Nf6 2. c4 g6 3. Nc3 Bg7 4. e4 d6 5. Bd3 Nc6 6. Nge2 e5 7. d5 Nd4 8. O-O
Nxe2+ 9. Qxe2 Nh5 10. Be3 O-O 11. Qd2 f5 12. exf5 gxf5 13. Be2 Nf6 14. f4 exf4
15. Bxf4 Bd7 16. Rae1 b6 17. Bf3 Re8 18. Be3 a6 19. Bd4 Rxe1 20. Rxe1 Qf8 21.
Qg5 Re8 22. Rd1 Qe7 23. Ne2 b5 24. cxb5 axb5 25. Ng3 Ng4 26. Qxe7 Rxe7 27. Bxg4
fxg4 28. Bxg7 Kxg7 29. Rd4 Kg6 30. Kf2 h5 31. Ne4 h4 32. Nc3 Rf7+ 33. Kg1 Kg5
34. g3 h3 35. Re4 Rf3 36. Re7 Bf5 37. a3 Bd3 38. Re1 Kf5 39. Nd1 Kg5 40. Nf2
Bf5 41. Re2 Kf6 42. Re1 Rb3 43. Re2 Kg6 44. Nd1 b4 45. axb4 Rxb4 46. Kf2 Be4
47. Nc3 Bf3 48. Rc2 Kf5 49. Ke3 Ke5 50. Rd2 Rc4 51. Rd3 Rb4 52. Rd2 Rb8 53. Kd3
Rb4 54. Ke3 Rc4 55. Rd3 Rc5 56. Kd2 Ra5 57. Re3+ Kd4 58. Re7 Ra1 59. Re1 Rxe1
60. Kxe1 Kc4 61. Kd2 Bxd5 62. Ne2 c5 63. Nf4 Bf7 64. Ne2 d5 65. Nc1 d4 66. Nd3
Kd5 67. Nf2 Be6 68. Nd3 Bf5 69. Nf2 Kc4 70. Nd1 Kb3 71. Kc1 Bd3 72. Nf2 Be2 73.
Ne4 c4 74. Nc5+ Kb4 75. Ne6 d3 76. Nf4 Kc5 77. Kd2 Kd4 78. Nxe2+ dxe2 79. Kxe2
Ke4 80. Kd2 Kf3 81. Ke1 Ke3 82. Kd1 Kd3 83. Kc1 Ke3 84. Kd1 Kf2 85. Kd2 Kf1 86.
Kd1 Kg1 87. Ke1 Kxh2 88. Kf2 Kh1 89. Kf1 h2 90. Kf2 c3 91. bxc3 1/2-1/2

[Event "Bundesliga 9798"]
[Site "Deutschland"]
[Date "1998.??.??"]
[Round "?.2"]
[White "Wahls, Matthias"]
[Black "Lerner, Konstantin Z"]
[Result "1/2-1/2"]
[WhiteElo "2595"]
[BlackElo "2560"]
[PlyCount "83"]
[EventDate "1997.10.??"]
[EventType "team"]
[EventRounds "15"]
[EventCountry "GER"]
[SourceTitle "Bundesliga 9798"]
[Source "DeepChess"]
[SourceDate "2005.01.01"]
[SourceVersion "1"]
[SourceVersionDate "2005.01.01"]
[SourceQuality "1"]
[WhiteTeam "Hamburger SK 1830 e.V."]
[BlackTeam "PSV Turm Duisburg 1920 e.V."]
[WhiteTeamCountry "GER"]
[BlackTeamCountry "GER"]

1. e4 c5 2. Nf3 d6 3. d4 cxd4 4. Nxd4 Nf6 5. Nc3 Nc6 6. Bg5 e6 7. Qd2 a6 8.
O-O-O h6 9. Be3 Bd7 10. f4 b5 11. Bd3 Be7 12. h3 Nxd4 13. Bxd4 Bc6 14. Rhe1 b4
15. Bxf6 Bxf6 16. Nd5 a5 17. Nxf6+ Qxf6 18. Bc4 Rd8 19. g3 O-O 20. Qe3 Qe7 21.
Qb6 Qb7 22. Qxb7 Bxb7 23. Re3 g6 24. e5 dxe5 25. Rxe5 Rxd1+ 26. Kxd1 Ra8 27.
Kd2 Kf8 28. Rc5 Rc8 29. Rxc8+ Bxc8 30. h4 Ke7 31. c3 Kd6 32. cxb4 axb4 33. Ke3
f6 34. Bd3 g5 35. fxg5 fxg5 36. a3 bxa3 37. bxa3 gxh4 38. gxh4 Bd7 39. Bc2 Ke5
40. Bd3 Ba4 41. Be4 Bb3 42. Bd3 1/2-1/2

[Event "Bundesliga 9798"]
[Site "Deutschland"]
[Date "1998.??.??"]
[Round "?.3"]
[White "Enders, Peter"]
[Black "Mueller, Karsten"]
[Result "0-1"]
[WhiteElo "2535"]
[BlackElo "2505"]
[PlyCount "108"]
[EventDate "1997.10.??"]
[EventType "team"]
[EventRounds "15"]
[EventCountry "GER"]
[SourceTitle "Bundesliga 9798"]
[Source "DeepChess"]
[SourceDate "2005.01.01"]
[SourceVersion "1"]
[SourceVersionDate "2005.01.01"]
[SourceQuality "1"]
[WhiteTeam "PSV Turm Duisburg 1920 e.V."]
[BlackTeam "Hamburger SK 1830 e.V."]
[WhiteTeamCountry "GER"]
[BlackTeamCountry "GER"]

1. e4 e6 2. d4 d5 3. Nc3 Bb4 4. e5 Ne7 5. a3 Bxc3+ 6. bxc3 b6 7. Qg4 Ng6 8. Nh3
Ba6 9. Bxa6 Nxa6 10. O-O O-O 11. Qe2 Qc8 12. a4 c5 13. Ba3 Qb7 14. f4 Ne7 15.
g4 f6 16. Rab1 Rac8 17. exf6 Rxf6 18. Ng5 Rc6 19. Qd3 Ng6 20. f5 exf5 21. gxf5
Nf8 22. dxc5 Rxc5 23. Bxc5 Nxc5 24. Qd4 Qd7 25. Rbd1 h6 26. Ne6 Nfxe6 27. fxe6
Rxe6 28. a5 Rg6+ 29. Kh1 Rg5 30. axb6 Qh3 31. Rf8+ Kxf8 32. Qf2+ Kg8 33. bxa7
Ne4 34. a8=Q+ Kh7 35. Qaf8 Nxf2+ 36. Qxf2 Qxc3 37. Qe2 Qc6 38. Rd4 Qg6 39. Rd1
Qc6 40. Rd4 Qb6 41. Rd1 Qb7 42. Qf3 Qc6 43. c3 Qe6 44. Qd3+ Kg8 45. Rb1 Rf5 46.
Rd1 Re5 47. Qd2 Qh3 48. Rc1 Qf3+ 49. Qg2 Qe3 50. Qc2 Qf3+ 51. Qg2 Qd3 52. Qg3
Qe2 53. Rg1 Qe4+ 54. Rg2 Rg5 0-1

[Event "Bundesliga 9798"]
[Site "Deutschland"]
[Date "1998.??.??"]
[Round "?.4"]
[White "Heinemann, Thies"]
[Black "Kraut, Rainer"]
[Result "1-0"]
[WhiteElo "2450"]
[BlackElo "2470"]
[PlyCount "67"]
[EventDate "1997.10.??"]
[EventType "team"]
[EventRounds "15"]
[EventCountry "GER"]
[SourceTitle "Bundesliga 9798"]
[Source "DeepChess"]
[SourceDate "2005.01.01"]
[SourceVersion "1"]
[SourceVersionDate "2005.01.01"]
[SourceQuality "1"]
[WhiteTeam "Hamburger SK 1830 e.V."]
[BlackTeam "PSV Turm Duisburg 1920 e.V."]
[WhiteTeamCountry "GER"]
[BlackTeamCountry "GER"]

1. e4 c5 2. Nf3 d6 3. d4 cxd4 4. Nxd4 Nf6 5. Nc3 Nc6 6. Bg5 e6 7. Qd2 a6 8.
O-O-O Bd7 9. f4 b5 10. Bxf6 gxf6 11. Kb1 Qb6 12. Nxc6 Bxc6 13. Qe1 Be7 14. Bd3
b4 15. Ne2 a5 16. f5 Qc5 17. fxe6 fxe6 18. Nf4 Qe5 19. Rf1 Rc8 20. Rf2 a4 21.
Ba6 Rb8 22. Bc4 Bd7 23. g3 a3 24. Nd3 Qd4 25. b3 Bf8 26. c3 bxc3 27. Kc2 Bh6
28. Nf4 Qe5 29. Qe2 Ke7 30. Nd5+ exd5 31. Rxd5 Qe6 32. Rh5 Bb5 33. Rxb5 Qc8 34.
e5 1-0

[Event "Bundesliga 9798"]
[Site "Deutschland"]
[Date "1998.??.??"]
[Round "?.5"]
[White "Thesing, Matthias"]
[Black "Michaelsen, Nils"]
[Result "1-0"]
[WhiteElo "2440"]
[BlackElo "2430"]
[PlyCount "99"]
[EventDate "1997.10.??"]
[EventType "team"]
[EventRounds "15"]
[EventCountry "GER"]
[SourceTitle "Bundesliga 9798"]
[Source "DeepChess"]
[SourceDate "2005.01.01"]
[SourceVersion "1"]
[SourceVersionDate "2005.01.01"]
[SourceQuality "1"]
[WhiteTeam "PSV Turm Duisburg 1920 e.V."]
[BlackTeam "Hamburger SK 1830 e.V."]
[WhiteTeamCountry "GER"]
[BlackTeamCountry "GER"]

1. e4 c5 2. Nc3 e6 3. Nf3 Nc6 4. Bb5 Nge7 5. O-O a6 6. Bxc6 Nxc6 7. d4 cxd4 8.
Nxd4 Qc7 9. Re1 d6 10. Nxc6 bxc6 11. Qg4 Rb8 12. b3 h5 13. Qf3 Be7 14. Bb2 h4
15. Qg4 e5 16. Qxg7 Rh5 17. Qg8+ Bf8 18. Rad1 Qe7 19. f4 Bd7 20. Ba3 Rh6 21. f5
Kd8 22. Bc1 Rh5 23. Qg4 Rh7 24. Bg5 f6 25. Bxh4 Be8 26. Rd3 Bh5 27. Qg8 Rb7 28.
Bg3 Rf7 29. Na4 Ke8 30. Bh4 Rb4 31. Qh8 Bg4 32. Rg3 Rh7 33. Qxf6 Rxh4 34. Qg6+
Qf7 35. Rxg4 Qxg6 36. Rxg6 Rhxe4 37. Rxe4 Rxe4 38. g4 Re2 39. Re6+ Kf7 40. g5
Rxc2 41. g6+ Kg7 42. Re8 Rxa2 43. h4 Ra3 44. h5 Rxb3 45. f6+ Kxf6 46. Rxf8+ Ke7
47. Rf7+ Ke6 48. Rf2 a5 49. Rg2 Rb8 50. h6 1-0

[Event "Bundesliga 9798"]
[Site "Deutschland"]
[Date "1998.??.??"]
[Round "?.6"]
[White "Wilhelmi, Christian"]
[Black "Pirrot, Dieter"]
[Result "1-0"]
[WhiteElo "2405"]
[BlackElo "2410"]
[PlyCount "93"]
[EventDate "1997.10.??"]
[EventType "team"]
[EventRounds "15"]
[EventCountry "GER"]
[SourceTitle "Bundesliga 9798"]
[Source "DeepChess"]
[SourceDate "2005.01.01"]
[SourceVersion "1"]
[SourceVersionDate "2005.01.01"]
[SourceQuality "1"]
[WhiteTeam "Hamburger SK 1830 e.V."]
[BlackTeam "PSV Turm Duisburg 1920 e.V."]
[WhiteTeamCountry "GER"]
[BlackTeamCountry "GER"]

1. Nf3 d5 2. c4 dxc4 3. Na3 Nc6 4. Nxc4 Qd5 5. d3 Bg4 6. Ne3 Qh5 7. Nxg4 Qxg4
8. g3 e5 9. a3 O-O-O 10. Bg2 f6 11. Qb3 Bc5 12. Bd2 Nge7 13. Rc1 Bb6 14. Rc4
Qe6 15. Qa4 Kb8 16. b4 Nd5 17. O-O g5 18. b5 Nd4 19. Nxd4 exd4 20. Qc2 Rhe8 21.
a4 Nc3 22. Bxc3 dxc3 23. Re4 Qd6 24. Qxc3 h5 25. e3 Rxe4 26. Bxe4 Qe5 27. Qxe5
fxe5 28. Kg2 Bc5 29. Rc1 Be7 30. Rc4 Rf8 31. Bf3 h4 32. gxh4 gxh4 33. Rg4 a6
34. bxa6 bxa6 35. Bd5 c5 36. Rg7 Bd8 37. Rb7+ Kc8 38. Ra7 a5 39. h3 Rf6 40. Rh7
Rf8 41. Kf1 Re8 42. Ke2 Re7 43. Rh8 Rg7 44. Kf3 Kc7 45. Ke4 Rg2 46. Rf8 Be7 47.
Kxe5 1-0

[Event "Bundesliga 9798"]
[Site "Deutschland"]
[Date "1998.??.??"]
[Round "?.7"]
[White "Zude, Arno"]
[Black "Loeffler, Stefan"]
[Result "1-0"]
[WhiteElo "2395"]
[BlackElo "2400"]
[PlyCount "77"]
[EventDate "1997.10.??"]
[EventType "team"]
[EventRounds "15"]
[EventCountry "GER"]
[SourceTitle "Bundesliga 9798"]
[Source "DeepChess"]
[SourceDate "2005.01.01"]
[SourceVersion "1"]
[SourceVersionDate "2005.01.01"]
[SourceQuality "1"]
[WhiteTeam "PSV Turm Duisburg 1920 e.V."]
[BlackTeam "Hamburger SK 1830 e.V."]
[WhiteTeamCountry "GER"]
[BlackTeamCountry "GER"]

1. e4 Nf6 2. e5 Nd5 3. d4 d6 4. c4 Nb6 5. f4 Bf5 6. Nc3 dxe5 7. fxe5 Nc6 8. Be3
e6 9. Nf3 Bg4 10. Be2 Qd7 11. O-O Rd8 12. c5 Nd5 13. Nxd5 Qxd5 14. Ng5 Bf5 15.
Bh5 Rd7 16. Nxf7 Rxf7 17. Bxf7+ Kxf7 18. g4 Qe4 19. Qf3 Qxf3 20. Rxf3 Bxc5 21.
gxf5 Nxd4 22. fxe6+ Kxe6 23. Rff1 Rd8 24. Rad1 Rd5 25. Kh1 Bb6 26. Rf8 Kxe5 27.
Re1 Kd6 28. Rd8+ Kc6 29. Rc1+ Bc5 30. Bxd4 Rxd8 31. Rxc5+ Kd6 32. Rh5 Ke6 33.
Bxg7 Rd7 34. Bc3 b6 35. Kg2 a5 36. Kf3 a4 37. a3 Kd6 38. Rh4 Rf7+ 39. Rf4 1-0

[Event "Bundesliga 9798"]
[Site "Deutschland"]
[Date "1998.??.??"]
[Round "?.8"]
[White "Gustafsson, Jan"]
[Black "Schmitz, Joachim"]
[Result "1-0"]
[WhiteElo "2375"]
[BlackElo "2310"]
[PlyCount "71"]
[EventDate "1997.10.??"]
[EventType "team"]
[EventRounds "15"]
[EventCountry "GER"]
[SourceTitle "Bundesliga 9798"]
[Source "DeepChess"]
[SourceDate "2005.01.01"]
[SourceVersion "1"]
[SourceVersionDate "2005.01.01"]
[SourceQuality "1"]
[WhiteTeam "Hamburger SK 1830 e.V."]
[BlackTeam "PSV Turm Duisburg 1920 e.V."]
[WhiteTeamCountry "GER"]
[BlackTeamCountry "GER"]

1. d4 d5 2. c4 e6 3. Nc3 Be7 4. cxd5 exd5 5. Bf4 Nf6 6. e3 O-O 7. Bd3 c5 8.
Nge2 Nc6 9. O-O Be6 10. Rc1 Rc8 11. dxc5 Bxc5 12. Nb5 Be7 13. Nbd4 Qb6 14. Nf5
Bxf5 15. Bxf5 Rcd8 16. Nd4 g6 17. Bh3 Ne4 18. Nxc6 bxc6 19. Qa4 c5 20. Bh6 Rfe8
21. Bd7 Rf8 22. Bxf8 Bxf8 23. Qb5 Qd6 24. Bg4 f5 25. Bf3 Nd2 26. Rfd1 Nxf3+ 27.
gxf3 Rb8 28. Qd3 Rxb2 29. Qxd5+ Qxd5 30. Rxd5 Rxa2 31. Rd7 Ra6 32. Rb1 Bd6 33.
Rbb7 c4 34. Rd8+ Bf8 35. Rbb8 Rf6 36. Rbc8 1-0

[Event "Bundesliga 9798"]
[Site "Deutschland"]
[Date "1998.??.??"]
[Round "?.1"]
[White "Hracek, Zbynek"]
[Black "Ftacnik, Lubomir"]
[Result "1/2-1/2"]
[WhiteElo "2605"]
[BlackElo "2585"]
[PlyCount "82"]
[EventDate "1997.10.??"]
[EventType "team"]
[EventRounds "15"]
[EventCountry "GER"]
[SourceTitle "Bundesliga 9798"]
[Source "DeepChess"]
[SourceDate "2005.01.01"]
[SourceVersion "1"]
[SourceVersionDate "2005.01.01"]
[SourceQuality "1"]
[WhiteTeam "SAbt SV Werder Bremen"]
[BlackTeam "Hamburger SK 1830 e.V."]
[WhiteTeamCountry "GER"]
[BlackTeamCountry "GER"]

1. e4 d6 2. d4 Nf6 3. Nc3 g6 4. Nf3 Bg7 5. Be2 O-O 6. O-O c5 7. d5 Na6 8. Bf4
Nc7 9. a4 b6 10. Nd2 e5 11. Be3 Nfe8 12. a5 Bd7 13. axb6 axb6 14. Rxa8 Qxa8 15.
Nc4 Qb8 16. b4 Nb5 17. Nxb5 Bxb5 18. Qb1 Nf6 19. bxc5 bxc5 20. f3 Bxc4 21. Bxc4
Qa7 22. Qa2 Ra8 23. Qxa7 Rxa7 24. Rb1 Nd7 25. Kf2 h5 26. g3 Kh7 27. Ke2 Bh6 28.
Bf2 Kg7 29. Bb5 Rb7 30. Rb3 Kf8 31. Be1 Ke7 32. Bc3 f5 33. Bxd7 Rxb3 34. cxb3
Kxd7 35. exf5 gxf5 36. h3 Ke7 37. Ba5 Bg5 38. g4 hxg4 39. hxg4 fxg4 40. fxg4 e4
41. Bc3 Bf4 1/2-1/2

[Event "Bundesliga 9798"]
[Site "Deutschland"]
[Date "1998.??.??"]
[Round "?.4"]
[White "Mueller, Karsten"]
[Black "Babula, Vlastimil"]
[Result "0-1"]
[WhiteElo "2505"]
[BlackElo "2545"]
[PlyCount "48"]
[EventDate "1997.10.??"]
[EventType "team"]
[EventRounds "15"]
[EventCountry "GER"]
[SourceTitle "Bundesliga 9798"]
[Source "DeepChess"]
[SourceDate "2005.01.01"]
[SourceVersion "1"]
[SourceVersionDate "2005.01.01"]
[SourceQuality "1"]
[WhiteTeam "Hamburger SK 1830 e.V."]
[BlackTeam "SAbt SV Werder Bremen"]
[WhiteTeamCountry "GER"]
[BlackTeamCountry "GER"]

1. e4 c5 2. Nf3 Nc6 3. d4 cxd4 4. Nxd4 Nf6 5. Nc3 e5 6. Ndb5 d6 7. a4 a6 8. Na3
Bg4 9. f3 Be6 10. Be3 Nb4 11. Nc4 d5 12. Bb6 Qe7 13. exd5 Nfxd5 14. Nxd5 Nxd5
15. Bf2 Rd8 16. Qc1 Qc7 17. c3 Bc5 18. b4 Bxf2+ 19. Kxf2 O-O 20. a5 e4 21. Ne3
exf3 22. Nxd5 Bxd5 23. g3 Rfe8 24. Bd3 Bc4 0-1

[Event "Bundesliga 9798"]
[Site "Deutschland"]
[Date "1998.??.??"]
[Round "?.5"]
[White "Meins, Gerlef"]
[Black "Heinemann, Thies"]
[Result "0-1"]
[WhiteElo "2460"]
[BlackElo "2450"]
[PlyCount "80"]
[EventDate "1997.10.??"]
[EventType "team"]
[EventRounds "15"]
[EventCountry "GER"]
[SourceTitle "Bundesliga 9798"]
[Source "DeepChess"]
[SourceDate "2005.01.01"]
[SourceVersion "1"]
[SourceVersionDate "2005.01.01"]
[SourceQuality "1"]
[WhiteTeam "SAbt SV Werder Bremen"]
[BlackTeam "Hamburger SK 1830 e.V."]
[WhiteTeamCountry "GER"]
[BlackTeamCountry "GER"]

1. d4 Nf6 2. c4 c5 3. d5 b5 4. cxb5 a6 5. Nc3 axb5 6. e4 b4 7. Nb5 d6 8. Bf4 g5
9. Bxg5 Nxe4 10. Bf4 Qa5 11. Bc4 Ba6 12. Qe2 Kd8 13. Qxe4 Bxb5 14. Bxb5 Qxb5
15. Nf3 Bg7 16. Ng5 Rf8 17. Bc1 Nd7 18. Qxh7 Bd4 19. Nf3 Qc4 20. Nxd4 Qxd4 21.
O-O Qxd5 22. a3 Kc7 23. Bf4 Qd4 24. Bg3 Qxb2 25. Rae1 Rxa3 26. Rxe7 Ra1 27. Qf5
Rxf1+ 28. Kxf1 Qc1+ 29. Ke2 Qc4+ 30. Qd3 Qxd3+ 31. Kxd3 Kc6 32. h4 Nf6 33. Ra7
Kd5 34. Bf4 c4+ 35. Kc2 b3+ 36. Kb2 Ne4 37. Be3 Rb8 38. Ra5+ Ke6 39. f3 c3+ 40.
Kb1 Nd2+ 0-1

[Event "Bundesliga 9798"]
[Site "Deutschland"]
[Date "1998.??.??"]
[Round "?.6"]
[White "Michaelsen, Nils"]
[Black "Heissler, Jakob"]
[Result "1/2-1/2"]
[WhiteElo "2430"]
[BlackElo "2435"]
[PlyCount "58"]
[EventDate "1997.10.??"]
[EventType "team"]
[EventRounds "15"]
[EventCountry "GER"]
[SourceTitle "Bundesliga 9798"]
[Source "DeepChess"]
[SourceDate "2005.01.01"]
[SourceVersion "1"]
[SourceVersionDate "2005.01.01"]
[SourceQuality "1"]
[WhiteTeam "Hamburger SK 1830 e.V."]
[BlackTeam "SAbt SV Werder Bremen"]
[WhiteTeamCountry "GER"]
[BlackTeamCountry "GER"]

1. d4 Nf6 2. c4 g6 3. Nc3 Bg7 4. e4 d6 5. f4 O-O 6. Nf3 Na6 7. Bd3 c5 8. d5 e6
9. O-O exd5 10. exd5 Re8 11. f5 Ng4 12. Bg5 Bf6 13. Qd2 Nb4 14. fxg6 hxg6 15.
Bxf6 Qxf6 16. Be4 Qg7 17. a3 Na6 18. Rae1 Bd7 19. Bb1 f5 20. Qf4 Ne5 21. Ng5
Nc7 22. a4 Re7 23. Re2 Rae8 24. h3 b6 25. Rfe1 a6 26. Kh1 Bc8 27. Qh4 Bd7 28.
Qf4 Bc8 29. Qh4 Bd7 1/2-1/2

[Event "Bundesliga 9798"]
[Site "Deutschland"]
[Date "1998.??.??"]
[Round "?.7"]
[White "Floegel, Ulrich"]
[Black "Wilhelmi, Christian"]
[Result "0-1"]
[WhiteElo "2365"]
[BlackElo "2405"]
[PlyCount "68"]
[EventDate "1997.10.??"]
[EventType "team"]
[EventRounds "15"]
[EventCountry "GER"]
[SourceTitle "Bundesliga 9798"]
[Source "DeepChess"]
[SourceDate "2005.01.01"]
[SourceVersion "1"]
[SourceVersionDate "2005.01.01"]
[SourceQuality "1"]
[WhiteTeam "SAbt SV Werder Bremen"]
[BlackTeam "Hamburger SK 1830 e.V."]
[WhiteTeamCountry "GER"]
[BlackTeamCountry "GER"]

1. e4 c5 2. d3 Nc6 3. f4 e6 4. Nf3 d5 5. Nbd2 Nf6 6. c3 Be7 7. Qe2 O-O 8. g3 a5
9. e5 Ne8 10. Bh3 a4 11. a3 b5 12. O-O Qa5 13. Rd1 Nc7 14. Nf1 b4 15. Bd2 Nb5
16. axb4 cxb4 17. cxb4 Bxb4 18. Be3 Bd7 19. Rdc1 Rfb8 20. d4 a3 21. bxa3 Bc3
22. Ra2 Nbxd4 23. Nxd4 Bxd4 24. Bxd4 Nxd4 25. Qf2 Nb3 26. Rd1 Rc8 27. Ne3 Qa7
28. Bg2 Rc3 29. Nc2 Qc7 30. Nd4 Nxd4 31. Qxd4 Rcxa3 32. Rxa3 Rxa3 33. Qb4 Ra2
34. Rb1 Qc2 0-1

[Event "Bundesliga 9798"]
[Site "Deutschland"]
[Date "1998.??.??"]
[Round "?.8"]
[White "Gustafsson, Jan"]
[Black "Meyer, Claus Dieter"]
[Result "1/2-1/2"]
[WhiteElo "2375"]
[BlackElo "2335"]
[PlyCount "97"]
[EventDate "1997.10.??"]
[EventType "team"]
[EventRounds "15"]
[EventCountry "GER"]
[SourceTitle "Bundesliga 9798"]
[Source "DeepChess"]
[SourceDate "2005.01.01"]
[SourceVersion "1"]
[SourceVersionDate "2005.01.01"]
[SourceQuality "1"]
[WhiteTeam "Hamburger SK 1830 e.V."]
[BlackTeam "SAbt SV Werder Bremen"]
[WhiteTeamCountry "GER"]
[BlackTeamCountry "GER"]

1. d4 d5 2. c4 c6 3. cxd5 cxd5 4. Nf3 Nf6 5. Nc3 Nc6 6. Bf4 a6 7. Ne5 e6 8. e3
Nxe5 9. Bxe5 Bd7 10. Bd3 Be7 11. O-O O-O 12. Qc2 h6 13. Qe2 Bc6 14. Rad1 Rc8
15. Rfe1 Re8 16. f3 Nd7 17. Bg3 Bh4 18. Qf2 Bxg3 19. Qxg3 Nb6 20. Rc1 Nc4 21.
Re2 b5 22. b3 Nd6 23. Rec2 Bb7 24. Ne2 Rxc2 25. Rxc2 Qb6 26. Rc5 Rc8 27. b4 Nc4
28. Nf4 Qd6 29. Kf2 Rxc5 30. bxc5 Qc7 31. Qg4 Qe7 32. h4 Kf8 33. Ne2 Qc7 34. f4
Bc8 35. Ng3 f5 36. Qg6 Qf7 37. Qh7 Qg8 38. Qg6 Bd7 39. Qh5 Be8 40. Qe2 Qf7 41.
Qe1 Qe7 42. h5 Qc7 43. Qc3 Qa5 44. Qxa5 Nxa5 45. Ke1 Nc6 46. Kd2 Nb4 47. Bb1 a5
48. Kc3 Nc6 49. Bd3 1/2-1/2

[Event "Bundesliga 9798"]
[Site "Deutschland"]
[Date "1997.??.??"]
[Round "?.2"]
[White "Wahls, Matthias"]
[Black "Giorgadze, Giorgi"]
[Result "1/2-1/2"]
[WhiteElo "2595"]
[BlackElo "2625"]
[PlyCount "63"]
[EventDate "1997.10.??"]
[EventType "team"]
[EventRounds "15"]
[EventCountry "GER"]
[SourceTitle "Bundesliga 9798"]
[Source "DeepChess"]
[SourceDate "2005.01.01"]
[SourceVersion "1"]
[SourceVersionDate "2005.01.01"]
[SourceQuality "1"]
[WhiteTeam "Hamburger SK 1830 e.V."]
[BlackTeam "SC Anderssen St.Ingbert 1920 e.V."]
[WhiteTeamCountry "GER"]
[BlackTeamCountry "GER"]

1. e4 e5 2. Nf3 Nc6 3. Bb5 a6 4. Ba4 Nf6 5. O-O Be7 6. Re1 b5 7. Bb3 O-O 8. h3
Bb7 9. d3 Re8 10. Nc3 h6 11. Nd5 Bf8 12. Bd2 Nd4 13. Nxd4 exd4 14. Nxf6+ Qxf6
15. Qg4 d6 16. a4 Bc8 17. Qh5 Bd7 18. f4 g6 19. Qf3 c6 20. Rf1 Bg7 21. Qg3 d5
22. f5 gxf5 23. exd5 cxd5 24. axb5 axb5 25. Rxa8 Rxa8 26. Bxd5 Rc8 27. c4 dxc3
28. Bxc3 Qg5 29. Qd6 Be6 30. Bxg7 Kxg7 31. Rf3 Qc1+ 32. Kh2 1/2-1/2

[Event "Bundesliga 9798"]
[Site "Deutschland"]
[Date "1997.??.??"]
[Round "?.3"]
[White "Kempinski, Robert"]
[Black "Degraeve, Jean Marc"]
[Result "1/2-1/2"]
[WhiteElo "2530"]
[BlackElo "2540"]
[PlyCount "97"]
[EventDate "1997.10.??"]
[EventType "team"]
[EventRounds "15"]
[EventCountry "GER"]
[SourceTitle "Bundesliga 9798"]
[Source "DeepChess"]
[SourceDate "2005.01.01"]
[SourceVersion "1"]
[SourceVersionDate "2005.01.01"]
[SourceQuality "1"]
[WhiteTeam "SC Anderssen St.Ingbert 1920 e.V."]
[BlackTeam "Hamburger SK 1830 e.V."]
[WhiteTeamCountry "GER"]
[BlackTeamCountry "GER"]

1. e4 c5 2. c3 d6 3. d4 Nf6 4. Bd3 cxd4 5. cxd4 g6 6. h3 Bg7 7. Nf3 O-O 8. Nc3
Nc6 9. O-O e5 10. dxe5 dxe5 11. Be3 Be6 12. Bb5 Na5 13. Bc5 Qxd1 14. Rfxd1 Rfc8
15. Bd6 a6 16. Bf1 Nd7 17. Ng5 Nc6 18. Nxe6 fxe6 19. Ne2 Nf6 20. f3 Bf8 21.
Bxf8 Kxf8 22. Nc1 Ke7 23. Nd3 Nd7 24. h4 Rd8 25. Rac1 Rac8 26. Rd2 Na5 27. Rdc2
Rxc2 28. Rxc2 Nc6 29. Kf2 Rc8 30. Ke3 Na7 31. Rxc8 Nxc8 32. f4 exf4+ 33. Kxf4
Nd6 34. g3 h6 35. e5 Nf5 36. Bg2 b6 37. Be4 Kf7 38. b4 Nd4 39. Ke3 Nc2+ 40. Kd2
Nd4 41. Ke3 Nc2+ 42. Kd2 Nd4 43. a4 a5 44. bxa5 bxa5 45. g4 g5 46. hxg5 hxg5
47. Kc3 Ne2+ 48. Kc4 Nb6+ 49. Kb5 1/2-1/2

[Event "Bundesliga 9798"]
[Site "Deutschland"]
[Date "1997.??.??"]
[Round "?.4"]
[White "Mueller, Karsten"]
[Black "Kachiani Gersinska, Ketino"]
[Result "1-0"]
[WhiteElo "2505"]
[BlackElo "2415"]
[PlyCount "87"]
[EventDate "1997.10.??"]
[EventType "team"]
[EventRounds "15"]
[EventCountry "GER"]
[SourceTitle "Bundesliga 9798"]
[Source "DeepChess"]
[SourceDate "2005.01.01"]
[SourceVersion "1"]
[SourceVersionDate "2005.01.01"]
[SourceQuality "1"]
[WhiteTeam "Hamburger SK 1830 e.V."]
[BlackTeam "SC Anderssen St.Ingbert 1920 e.V."]
[WhiteTeamCountry "GER"]
[BlackTeamCountry "GER"]

1. e4 e5 2. Nf3 Nc6 3. d4 exd4 4. Nxd4 Nf6 5. Nc3 Bb4 6. Nxc6 bxc6 7. Bd3 d5 8.
exd5 cxd5 9. O-O O-O 10. Bg5 c6 11. Qf3 Be7 12. Rfe1 Re8 13. h3 h6 14. Bf4 Be6
15. Rad1 Nd7 16. Na4 Nb6 17. Nxb6 axb6 18. a3 Bf6 19. c3 Ra7 20. Bc2 Bg5 21.
Be5 Rae7 22. Qg3 f6 23. Bd4 c5 24. h4 cxd4 25. hxg5 hxg5 26. cxd4 Bg4 27. f3
Bh5 28. Ba4 Rxe1+ 29. Rxe1 Rxe1+ 30. Qxe1 Bf7 31. Qc3 Be6 32. Bc2 Kf7 33. Kf2
Qd6 34. g3 Ke7 35. b4 Qd8 36. a4 Qc8 37. Qxc8 Bxc8 38. Bd3 Kd6 39. a5 bxa5 40.
bxa5 Kc6 41. Ke3 Bh3 42. g4 f5 43. Kf2 fxg4 44. Kg3 1-0